000
00250nam a22001217a 4500
008
180919b xxu||||| |||| 00| 0 eng d
041
_a
eng
080
_a
610
100
_a
4
101
_a
SHM
245
_a
The Merck Manual
_c
Merck
942
_2
udc
_c
BK
999
_c
48056
_d
48056